Political Science and International Relations(Indian government and Politics-Part-1)Book-III (Record no. 11859)

MARC details
000 -LEADER
fixed length control field 00415nam a22001457a 4500
003 - CONTROL NUMBER IDENTIFIER
control field OSt
008 - FIXED-LENGTH DATA ELEMENTS--GENERAL INFORMATION
fixed length control field 230309b |||||||| |||| 00| 0 eng d
082 ## - DEWEY DECIMAL CLASSIFICATION NUMBER
Classification number 327 DRP
100 ## - MAIN ENTRY--PERSONAL NAME
Personal name Drishti Publication
245 ## - TITLE STATEMENT
Title Political Science and International Relations(Indian government and Politics-Part-1)Book-III
260 ## - PUBLICATION, DISTRIBUTION, ETC. (IMPRINT)
Place of publication, distribution, etc New Delhi
Name of publisher, distributor, etc Drishti Publication
300 ## - PHYSICAL DESCRIPTION
Extent 135
650 ## - SUBJECT ADDED ENTRY--TOPICAL TERM
Topical term or geographic name as entry element General Books
942 ## - ADDED ENTRY ELEMENTS (KOHA)
Source of classification or shelving scheme Dewey Decimal Classification
Koha item type Reference Books
Holdings
Withdrawn status Lost status Source of classification or shelving scheme Damaged status Not for loan Collection code Home library Current library Date acquired Currency Bill Number Total Checkouts Full call number Acc. no. / Barcode Date last seen Bill Date Koha item type Public note
    Dewey Decimal Classification     GENERAL PIET C-LIBRARY PIET C-LIBRARY 27/02/2023 IN RUPEES Donated by Drishti Publication   327 DRP 34624 09/03/2023 27/02/2023 Reference Books Donated by Drishti Publication

Design & Developed by: PIET Central Library
R70 Miles Stone Pattikalyana Samalkha Panipat 132102
mail ID :- [email protected], Phone No:- 0180-2569700 Ex.216